000 00180nam a2200073Ia 4500
008 170524s9999 xx 000 0 und d
100 _aAGARWAL- MALTI
245 0 _aREMEDIAL ENGLISH LANGUAGE
260 _bKRISHNA PUB
999 _c9553
_d9553